004760000a2200157000450000500170000094200090001710000290002624500430005526000460009830000100014404000080015436500120016265000390017499900190021395200860023220120302064815.0 cBOOK a Mukerjee, Shridharnatha a Bharat Mein Angraji Shiksha Ka Itihas aMumbai: Vora And Co. Publishers Ltd, 1949 a92 p. ahin bRs.1.50 aItihas / Angreji Shiksha/ Shikshan c363119d363116 00104070aIOSbIOSd2009-12-02l0pIOS-H 24174r2009-12-02 00:00:00w2009-12-02